000 00572nam a22001817a 4500
005 20250916101756.0
008 250904b |||||||| |||| 00| 0 eng d
020 _a9786214064328
082 _aDFil 004 F182 2025
100 _aFalcon, Ines G.
_967267
245 _aIntroduction to computing & ICT 1 /
_cInes G. Falcon
260 _aManila :
_bMinshapers Co., Inc.,
_c©2025.
300 _avi, 132 pages :
_billustrations ;
_c25 cm.
500 _aIncludes references.
650 0 _aComputer programming.
_967523
650 0 _aComputer science.
_967525
942 _2ddc
_cDFIL
999 _c23680
_d23680